000 00929nam a2200217 a 4500
001 000381981
003 AM-YeHGA
005 20250618072319.0
008 041115s1986 ai 000 | arm d
040 _aAM-YeHGA
041 0 _aarm
100 0 _aԽնկո Ապեր,
_d1870-1935
245 1 0 _aԲկլիկ ձկնիկ :
_b[Մանկական բանաստեղծություն նախադպր. տարիքի համար] /
_cԱթ. Խնկոյան; Խմբ.՝ Ռ.Հ. Քալաշյան; Նկ.՝ Ս. Սաֆյան.
260 _aԵրևան :
_bՍովետական գրող,
_c1986.
300 _a[10] էջ :
_bգունանկ. ;
_c10 սմ.
440 0 _aԻմ առաջին գրքերը
650 1 4 _aՀայ մանկական գրականություն
_xԲանաստեղծություն
700 1 _aՔալաշյան, Ռ.Հ.
_eխմբ.
_4edt
700 1 _aՍաֆյան, Սպարտակ Գևորգի,
_d1929-2001
_eնկ.
_4art
_94028
090 _c147170
999 _c145785
_d145785